Pictionary [juego] : el juego en el que todos dibujan /
Guardado en:
| Formato: | Objeto Físico |
|---|---|
| Publicado: |
Argentina :
Edukit,
c. 1991.
|
| Edición: | nueva ed. |
| Series: | dores avanzados
|
| Materias: | |
| Etiquetas: |
Agregar Etiqueta
Sin Etiquetas, Sea el primero en etiquetar este registro!
|
| LEADER | 01027nrm a22002055g 4500 | ||
|---|---|---|---|
| 001 | CEM.cems019139 | ||
| 008 | 130507b1991##################0###0#####d | ||
| 005 | 20220829172532.0 | ||
| 003 | CEMS | ||
| 245 | 0 | 0 | |a Pictionary [juego] : |b el juego en el que todos dibujan / |c San Serif Print Promotions. |
| 250 | |a nueva ed. | ||
| 260 | |a Argentina : |b Edukit, |c c. 1991. | ||
| 300 | |a 1 juego (1 tablero, 1 reloj de arena, 500 tarjetas, 1 dado, 4 fichas de juego, 4 tarjetas de categorías, papel, lápiz, goma de borrar) ; en caja 47 x 17 x 8 cm. + manual de instrucciones. | ||
| 490 | J | u | |a dores avanzados |
| 500 | |a Para 3 a 6 jugadores. a partir de 14 años. objetivo: identificar a través de rápidos y sencillos dibujos el mayor número de palabras, para poder llegar a la casilla """"llegada"""". | ||
| 082 | 0 | 4 | |a J793.24 |
| 653 | |a 1. juegos de entretenimiento general | ||
| 653 | |a 2. juegos para dibujar | ||
| 859 | |a CEMS |b BIB. CEMS - Ludoteca |h J793.24 |i Ed84 |p 037.92 |t Ej.1 | ||
| 859 | |a CEMS |b BIB. CEMS - Ludoteca |h J793.24 |i Ed84 |p 054.92 |t Ej.2 | ||
